| 000 | 00434nam a2200181Ia 4500 | ||
|---|---|---|---|
| 001 | 21438 | ||
| 005 | 20260306172919.0 | ||
| 008 | 260306t2011||||xx |||||||||||||| ||spa|| | ||
| 041 | _aESP | ||
| 082 |
_a345 _bH52 |
||
| 100 |
_aHiga Silva, César _eAUT |
||
| 245 | 0 | _aLitigación, argumentación y teoría del caso | |
| 260 | _c2011 | ||
| 300 |
_a149 páginas : _c |
||
| 650 | _aGEN | ||
| 654 | _aCDE | ||
| 942 |
_cLIB _dJUS _fJUS _2ddc _n |
||
| 999 |
_c21438 _d21438 |
||